LEADER 01050nam a22002891i 4500 001 991004064839707536 005 20031008134151.0 008 031111s1978 it |||||||||||||||||ita 035 $ab1251441x-39ule_inst 035 $aARCHE-054768$9ExL 040 $aDip.to Lingue$bita$cA.t.i. Arché s.c.r.l. Pandora Sicilia s.r.l. 082 04$a833.91 082 04$a838.91 100 1 $aBrecht, Bertolt$036137 245 10$aPer conoscere Brecht /$cBertolt Brecht ; a cura di Roberto Fertonani ; bibliografia aggiornata di Elena Giobbio Crea 260 $aMilano :$bMondadori,$c1978 300 $a430 p. ;$c19 cm 440 0$aOscar per conoscere 500 $aAntologia 700 1 $aFertonani, Roberto 700 1 $aGiobbio Crea, Elena 907 $a.b1251441x$b02-04-14$c13-11-03 912 $a991004064839707536 945 $aLE012 838.91 BRE 35$g1$i2012000212183$lle012$o-$pE0.00$q-$rl$s- $t0$u2$v0$w2$x0$y.i12953258$z13-11-03 996 $aPer conoscere Brecht$9185086 997 $aUNISALENTO 998 $ale012$b13-11-03$cm$da $e-$fita$git $h0$i1 LEADER 01742oam 2200493M 450 001 9910715523503321 005 20191121064216.1 035 $a(CKB)5470000002512822 035 $a(OCoLC)1065557103 035 $a(OCoLC)995470000002512822 035 $a(EXLCZ)995470000002512822 100 $a20070221d1837 ua 0 101 0 $aeng 135 $aurcn||||||||| 181 $ctxt$2rdacontent 182 $cc$2rdamedia 183 $acr$2rdacarrier 200 10$aPhilip Marshal and the representatives of John Marshal. (To accompany Bill H.R. No. 53.) December 14, 1837. -- Reprinted 210 1$a[Washington, D.C.] :$c[publisher not identified],$d1837. 215 $a1 online resource (2 pages) 225 1 $aHouse report / 25th Congress, 2nd session. House ;$vno. 41 225 1 $a[United States congressional serial set ] ;$v[serial no. 333] 300 $aBatch processed record: Metadata reviewed, not verified. Some fields updated by batch processes. 300 $aFDLP item number not assigned. 517 $aPhilip Marshal and the representatives of John Marshal. 606 $aClaims 606 $aWages 606 $aWages-in-kind 606 $aBorder patrol agents 608 $aLegislative materials.$2lcgft 615 0$aClaims. 615 0$aWages. 615 0$aWages-in-kind. 615 0$aBorder patrol agents. 701 $aWhittlesey$b Elisha$f1783-1863$pWhig (OH)$01388990 801 0$bWYU 801 1$bWYU 801 2$bOCLCQ 801 2$bOCLCO 801 2$bOCLCQ 906 $aBOOK 912 $a9910715523503321 996 $aPhilip Marshal and the representatives of John Marshal. (To accompany Bill H.R. No. 53.) December 14, 1837. -- Reprinted$93526813 997 $aUNINA